|
|
|
|
| LEADER |
01843nam a22003617a 4500 |
| 001 |
40871 |
| 003 |
BD-DhAAL |
| 008 |
230212t20192014enkab b 001 0 eng d |
| 020 |
|
|
|a 9780099590088
|
| 020 |
|
|
|a 9781784873646
|
| 040 |
|
|
|a BD-DhAAL
|c BD-DhAAL
|
| 082 |
0 |
0 |
|a 909
|2 23
|
| 100 |
1 |
|
|a Harari, Yuval N.
|9 21410
|
| 245 |
1 |
0 |
|a Sapiens :
|b a brief history of humankind /
|c Yuval Noah Harari.
|
| 250 |
|
|
|a First U.S. edition.
|
| 260 |
|
|
|a London :
|b Vintage,
|c 2019.
|
| 300 |
|
|
|a xiii, 527 pages ;
|a x, 498 pages :
|b illustrations, map ;
|c 18 cm.
|
| 504 |
|
|
|a Includes bibliographical references and index.
|
| 526 |
8 |
|
|a Refugee Studies Unit (RSU), CPJ
|
| 541 |
1 |
|
|a Book Finder International
Donated by Farhana Zahir, Assistant Professor, BRAC Business School, BRAC University
|e 40871, 45412
|
| 650 |
|
0 |
|a Civilization
|x History.
|
| 650 |
|
0 |
|a Human beings
|x History.
|
| 650 |
|
0 |
|a World history.
|
| 650 |
|
0 |
|a Chronology, Historical.
|9 39263
|
| 650 |
|
0 |
|a Technology and civilization
|x History.
|9 39264
|
| 650 |
|
7 |
|a SCIENCE / Life Sciences / Evolution.
|2 bisacsh
|
| 650 |
|
7 |
|a SCIENCE / Life Sciences / General.
|2 bisacsh
|9 53596
|
| 650 |
|
7 |
|a SCIENCE / General.
|2 bisacsh
|
| 852 |
|
|
|a Ayesha Abed Library
|
| 942 |
|
|
|2 ddc
|c BK
|
| 999 |
|
|
|c 45131
|d 45131
|
| 952 |
|
|
|0 0
|1 0
|2 ddc
|4 0
|6 909_000000000000000_HAR
|7 0
|9 73132
|a CPJ
|b CPJ
|c RSU
|d 2023-02-07
|e Book Finder International
|g 985.00
|l 1
|o 909 HAR
|p 3030040871
|r 2023-02-15
|s 2023-02-15
|t 1
|v 985.00
|w 2023-02-07
|y BK
|
| 952 |
|
|
|0 0
|1 0
|2 ddc
|4 0
|6 909_000000000000000_HAR
|7 0
|9 78873
|a BRACUL
|b BRACUL
|c NEW
|d 2026-03-08
|e Donated by Farhana Zahir, Assistant Professor, BRAC Business School, BRAC University
|l 2
|m 1
|o 909 HAR
|p 3010045412
|q 2026-05-17
|r 2026-05-09
|s 2026-05-09
|t 2
|w 2026-04-01
|y BK
|x Donated copy received from Farhana Zahir, Assistant Professor, BRAC Business School, BRAC University on 17 February 2026; RS 499.00
|